[Event "1SM"]
[Site "Sharjah Chess Club"]
[Date "2017.03.27"]
[Round "5.20"]
[White "Fier, Alexandr"]
[Black "Aditya, Mittal"]
[Result "1-0"]
[BlackElo "2183"]
[WhiteElo "2568"]
[LiveChessVersion "1.4.8"]

1. e4 {[%clk 1:40:58]} c5 {[%clk 1:40:51]} 2. Nf3 {[%clk 1:41:22]} d6
{[%clk 1:41:15]} 3. d4 {[%clk 1:41:49]} cxd4 {[%clk 1:41:39]} 4. Nxd4
{[%clk 1:42:15]} Nf6 {[%clk 1:41:57]} 5. Nc3 {[%clk 1:42:42]} a6 {[%clk 1:42:18]}
6. h3 {[%clk 1:43:09]} e6 {[%clk 1:42:34]} 7. g4 {[%clk 1:43:34]} b5
{[%clk 1:43:02]} 8. Bg2 {[%clk 1:43:09]} Bb7 {[%clk 1:43:19]} 9. O-O
{[%clk 1:40:05]} Nfd7 {[%clk 1:42:26]} 10. a4 {[%clk 1:40:28]} b4
{[%clk 1:41:56]} 11. Na2 {[%clk 1:40:53]} a5 {[%clk 1:38:19]} 12. c3
{[%clk 1:41:20]} Na6 {[%clk 1:30:36]} 13. cxb4 {[%clk 1:41:25]} axb4
{[%clk 1:30:50]} 14. Bd2 {[%clk 1:37:01]} Qb6 {[%clk 1:03:21]} 15. Nb5
{[%clk 1:37:08]} Nac5 {[%clk 0:52:40]} 16. Be3 {[%clk 1:34:59]} Qa5
{[%clk 0:37:54]} 17. Nxd6+ {[%clk 1:33:59]} Bxd6 {[%clk 0:38:04]} 18. Qxd6
{[%clk 1:34:25]} Ra6 {[%clk 0:37:27]} 19. Qd4 {[%clk 1:34:48]} O-O
{[%clk 0:18:13]} 20. Qxb4 {[%clk 1:35:10]} Qxb4 {[%clk 0:17:33]} 21. Nxb4
{[%clk 1:35:35]} Rxa4 {[%clk 0:10:39]} 22. Rxa4 {[%clk 1:35:58]} Nxa4
{[%clk 0:11:08]} 23. Nd3 {[%clk 1:30:12]} f5 {[%clk 0:07:32]} 24. exf5
{[%clk 1:26:00]} Bxg2 {[%clk 0:07:50]} 25. Kxg2 {[%clk 1:26:27]} exf5
{[%clk 0:08:07]} 26. Ra1 {[%clk 1:26:55]} Nab6 {[%clk 0:06:34]} 27. Ra7
{[%clk 1:27:19]} fxg4 {[%clk 0:06:05]} 28. hxg4 {[%clk 1:27:44]} Rb8
{[%clk 0:04:12]} 29. Bd4 {[%clk 1:27:34]} g6 {[%clk 0:03:32]} 30. Nb4
{[%clk 1:25:39]} Rc8 {[%clk 0:03:06]} 31. b3 {[%clk 1:25:20]} Re8
{[%clk 0:02:41]} 32. Rb7 {[%clk 1:23:15]} Re4 {[%clk 0:01:00]} 33. Nc6
{[%clk 1:23:40]} Re6 {[%clk 0:01:16]} 34. Na5 {[%clk 1:21:50]} Rd6
{[%clk 0:01:22]} 35. Be3 {[%clk 1:21:33]} Nd5 {[%clk 0:01:10]} 36. Bh6
{[%clk 1:21:59]} N5b6 {[%clk 0:00:42]} 37. Nc4 {[%clk 1:20:30]} Rc6
{[%clk 0:00:33]} 38. Nxb6 {[%clk 1:19:04]} Nxb6 {[%clk 0:01:01]} 39. b4
{[%clk 1:19:30]} Nd5 {[%clk 0:00:50]} 40. Rg7+ {[%clk 1:19:52]} Kh8
{[%clk 0:01:10]} 41. Rd7 {[%clk 1:20:01]} Nf6 {[%clk 0:01:27]} 42. Rd8+
{[%clk 1:20:27]} Ng8 {[%clk 0:01:55]} 43. b5 {[%clk 1:20:25]} Rc4
{[%clk 0:01:04]} 44. f3 {[%clk 1:20:22]} Rc5 {[%clk 0:00:34]} 45. Be3
{[%clk 1:16:16]} Rc2+ {[%clk 0:00:55]} 46. Rd2 {[%clk 1:16:41]} Rxd2+
{[%clk 0:00:38]} 47. Bxd2 {[%clk 1:17:06]} Ne7 {[%clk 0:00:43]} 48. b6
{[%clk 1:17:31]} Nc6 {[%clk 0:00:59]} 49. b7 {[%clk 1:17:50]} Kg7
{[%clk 0:00:53]} 50. Bf4 {[%clk 1:18:05]} Kf6 {[%clk 0:01:08]} 51. g5+
{[%clk 1:18:01]} Kf5 {[%clk 0:01:34]} 52. Kg3 {[%clk 1:18:23]} Ke6
{[%clk 0:01:34]} 53. Kg4 {[%clk 1:18:41]} Kd5 {[%clk 0:01:54]} 54. b8=Q
{[%clk 1:18:41]} Nxb8 {[%clk 0:02:21]} 55. Bxb8 {[%clk 1:19:04]} Kd4
{[%clk 0:02:40]} 56. f4 {[%clk 1:19:28]} Ke4 {[%clk 0:03:03]} 57. Ba7
{[%clk 1:19:54]} Kd5 {[%clk 0:03:29]} 58. f5 {[%clk 1:20:20]} 1-0

[Event "1SM"]
[Site "Sharjah Chess Club"]
[Date "2017.03.27"]
[Round "5.21"]
[White "Sadhwani, Raunak"]
[Black "Pichot, Alan"]
[Result "0-1"]
[BlackElo "2556"]
[WhiteElo "2218"]
[LiveChessVersion "1.4.8"]

1. e4 {[%clk 1:40:56]} c5 {[%clk 1:40:31]} 2. Nf3 {[%clk 1:41:09]} Nc6
{[%clk 1:40:42]} 3. d4 {[%clk 1:41:32]} cxd4 {[%clk 1:41:05]} 4. Nxd4
{[%clk 1:41:55]} Nf6 {[%clk 1:41:08]} 5. Nc3 {[%clk 1:40:42]} e5 {[%clk 1:41:12]}
6. Ndb5 {[%clk 1:40:56]} d6 {[%clk 1:41:30]} 7. Bg5 {[%clk 1:41:06]} a6
{[%clk 1:41:46]} 8. Na3 {[%clk 1:41:31]} b5 {[%clk 1:42:09]} 9. Nd5
{[%clk 1:41:40]} Be7 {[%clk 1:42:16]} 10. Bxf6 {[%clk 1:41:49]} Bxf6
{[%clk 1:42:38]} 11. c4 {[%clk 1:42:15]} b4 {[%clk 1:42:35]} 12. Nc2
{[%clk 1:42:36]} a5 {[%clk 1:43:00]} 13. g3 {[%clk 1:41:00]} O-O {[%clk 1:43:18]}
14. Bg2 {[%clk 1:41:01]} Bg5 {[%clk 1:43:32]} 15. O-O {[%clk 1:41:23]} Ne7
{[%clk 1:43:55]} 16. Nce3 {[%clk 1:39:32]} Bxe3 {[%clk 1:43:56]} 17. Nxe3
{[%clk 1:39:50]} Be6 {[%clk 1:44:15]} 18. Qd3 {[%clk 1:39:49]} Qc7
{[%clk 1:42:20]} 19. Rad1 {[%clk 1:38:32]} Rfd8 {[%clk 1:41:13]} 20. f4
{[%clk 1:32:55]} Qc5 {[%clk 1:34:47]} 21. Kh1 {[%clk 1:32:49]} f6
{[%clk 1:33:13]} 22. Nd5 {[%clk 1:30:25]} Nc6 {[%clk 1:30:02]} 23. Rc1
{[%clk 1:25:55]} Ra7 {[%clk 1:15:49]} 24. f5 {[%clk 1:24:27]} Bf7
{[%clk 1:15:11]} 25. g4 {[%clk 1:24:35]} Nd4 {[%clk 0:53:29]} 26. h4
{[%clk 1:22:49]} Bxd5 {[%clk 0:50:27]} 27. exd5 {[%clk 1:22:17]} a4
{[%clk 0:47:42]} 28. Be4 {[%clk 1:18:43]} Rc8 {[%clk 0:33:15]} 29. Qd2
{[%clk 1:17:49]} b3 {[%clk 0:29:06]} 30. a3 {[%clk 1:18:03]} Nc2 {[%clk 0:29:19]}
31. Bxc2 {[%clk 1:16:45]} bxc2 {[%clk 0:29:44]} 32. Rxc2 {[%clk 1:16:18]} e4
{[%clk 0:23:05]} 33. Re1 {[%clk 1:15:07]} Re7 {[%clk 0:22:58]} 34. Qe3
{[%clk 1:14:18]} Qa5 {[%clk 0:21:19]} 35. Qc3 {[%clk 1:00:33]} Qb6
{[%clk 0:19:07]} 36. Qe3 {[%clk 0:55:43]} Qb7 {[%clk 0:16:15]} 37. Ree2
{[%clk 0:47:13]} Re5 {[%clk 0:15:19]} 38. Rc3 {[%clk 0:43:27]} Rce8
{[%clk 0:12:31]} 39. Qd4 {[%clk 0:32:30]} h5 {[%clk 0:11:26]} 40. Rce3
{[%clk 0:31:23]} hxg4 {[%clk 0:10:49]} 41. Rxe4 {[%clk 0:31:40]} Qb3
{[%clk 0:10:42]} 42. Rxe5 {[%clk 0:28:11]} Rxe5 {[%clk 0:11:03]} 43. Rxe5
{[%clk 0:25:57]} Qh3+ {[%clk 0:10:49]} 44. Kg1 {[%clk 0:26:21]} fxe5
{[%clk 0:11:08]} 45. Qc3 {[%clk 0:17:38]} g3 {[%clk 0:10:41]} 46. Qd2
{[%clk 0:17:35]} e4 {[%clk 0:09:28]} 47. c5 {[%clk 0:17:42]} e3 {[%clk 0:09:20]}
48. Qe2 {[%clk 0:16:11]} Qh2+ {[%clk 0:09:33]} 49. Qxh2 {[%clk 0:16:14]} gxh2+
{[%clk 0:09:57]} 50. Kxh2 {[%clk 0:16:32]} e2 {[%clk 0:10:20]} 0-1

[Event "1SM"]
[Site "Sharjah Chess Club"]
[Date "2017.03.27"]
[Round "5.22"]
[White "Schroeder, Jan-Christian"]
[Black "Mendonca, Leon Luke"]
[Result "1-0"]
[BlackElo "2110"]
[WhiteElo "2543"]
[LiveChessVersion "1.4.8"]

1. e4 {[%clk 1:40:57]} c5 {[%clk 1:40:54]} 2. Nf3 {[%clk 1:41:24]} d6
{[%clk 1:41:20]} 3. d4 {[%clk 1:41:50]} cxd4 {[%clk 1:41:46]} 4. Nxd4
{[%clk 1:42:17]} Nf6 {[%clk 1:42:11]} 5. Nc3 {[%clk 1:42:43]} g6 {[%clk 1:42:35]}
6. Be3 {[%clk 1:43:06]} Bg7 {[%clk 1:42:59]} 7. f3 {[%clk 1:43:32]} O-O
{[%clk 1:43:20]} 8. Qd2 {[%clk 1:43:59]} Nc6 {[%clk 1:43:39]} 9. O-O-O
{[%clk 1:44:23]} d5 {[%clk 1:43:48]} 10. exd5 {[%clk 1:44:45]} Nxd5
{[%clk 1:44:13]} 11. Nxc6 {[%clk 1:45:10]} bxc6 {[%clk 1:44:40]} 12. Bd4
{[%clk 1:45:35]} Bxd4 {[%clk 1:43:37]} 13. Qxd4 {[%clk 1:46:00]} Qb6
{[%clk 1:43:08]} 14. Na4 {[%clk 1:46:24]} Qc7 {[%clk 1:42:15]} 15. Nc5
{[%clk 1:46:24]} e5 {[%clk 1:22:43]} 16. Qf2 {[%clk 1:46:22]} Qb6
{[%clk 1:20:17]} 17. Bc4 {[%clk 1:45:14]} Rb8 {[%clk 1:18:19]} 18. Bb3
{[%clk 1:42:26]} Nb4 {[%clk 1:14:00]} 19. c3 {[%clk 1:27:12]} Na6
{[%clk 1:05:06]} 20. Nd3 {[%clk 1:25:37]} Qxf2 {[%clk 1:00:03]} 21. Nxf2
{[%clk 1:24:17]} Nc5 {[%clk 0:58:17]} 22. Bc4 {[%clk 1:21:29]} Na4
{[%clk 0:50:13]} 23. Rd2 {[%clk 1:09:14]} Kg7 {[%clk 0:42:24]} 24. Nd3
{[%clk 1:04:46]} Nb6 {[%clk 0:26:10]} 25. Bb3 {[%clk 1:03:38]} Nd7
{[%clk 0:24:47]} 26. Re1 {[%clk 0:57:57]} f6 {[%clk 0:21:37]} 27. Ba4
{[%clk 0:55:24]} Rb6 {[%clk 0:19:26]} 28. b4 {[%clk 0:50:59]} Rf7
{[%clk 0:13:28]} 29. Nb2 {[%clk 0:46:20]} Ba6 {[%clk 0:11:19]} 30. Red1
{[%clk 0:45:08]} Nf8 {[%clk 0:09:57]} 31. Bb3 {[%clk 0:44:58]} Rc7
{[%clk 0:09:35]} 32. Na4 {[%clk 0:45:22]} Rb8 {[%clk 0:09:35]} 33. Nc5
{[%clk 0:45:46]} Bc8 {[%clk 0:09:38]} 34. Rd8 {[%clk 0:44:50]} Rb6
{[%clk 0:06:58]} 35. Re8 {[%clk 0:44:10]} a5 {[%clk 0:02:09]} 36. Rdd8
{[%clk 0:44:18]} axb4 {[%clk 0:02:27]} 37. Rxf8 {[%clk 0:44:14]} 1-0

[Event "1SM"]
[Site "Sharjah Chess Club"]
[Date "2017.03.27"]
[Round "5.23"]
[White "Cholleti, Sahajasri"]
[Black "Xu, Yinglun"]
[Result "0-1"]
[BlackElo "2540"]
[WhiteElo "2120"]
[LiveChessVersion "1.4.8"]

1. Nf3 {[%clk 1:39:46]} Nf6 {[%clk 1:40:46]} 2. c4 {[%clk 1:39:24]} e6
{[%clk 1:41:02]} 3. g3 {[%clk 1:39:02]} d5 {[%clk 1:41:19]} 4. d4
{[%clk 1:39:14]} dxc4 {[%clk 1:40:59]} 5. Bg2 {[%clk 1:37:23]} c6
{[%clk 1:41:20]} 6. Ne5 {[%clk 1:33:27]} c5 {[%clk 1:40:58]} 7. Qa4+
{[%clk 1:22:18]} Nbd7 {[%clk 1:40:01]} 8. Nxd7 {[%clk 1:19:31]} Qxd7
{[%clk 1:37:48]} 9. Qxd7+ {[%clk 1:17:14]} Bxd7 {[%clk 1:34:22]} 10. dxc5
{[%clk 1:08:30]} Nd5 {[%clk 1:33:44]} 11. Na3 {[%clk 1:03:43]} c3
{[%clk 1:26:53]} 12. bxc3 {[%clk 0:53:32]} Bxc5 {[%clk 1:26:04]} 13. c4
{[%clk 0:50:01]} Nb4 {[%clk 1:26:15]} 14. O-O {[%clk 0:46:18]} Bc6
{[%clk 1:23:57]} 15. Nb5 {[%clk 0:39:15]} Rc8 {[%clk 1:21:52]} 16. Ba3
{[%clk 0:26:22]} Bxg2 {[%clk 1:20:38]} 17. Kxg2 {[%clk 0:26:41]} a5
{[%clk 1:20:49]} 18. Rfd1 {[%clk 0:25:46]} Ke7 {[%clk 1:20:42]} 19. Rd2
{[%clk 0:25:22]} Rhd8 {[%clk 1:18:31]} 20. Rad1 {[%clk 0:25:16]} Rxd2
{[%clk 1:18:47]} 21. Rxd2 {[%clk 0:25:40]} Na6 {[%clk 1:18:41]} 22. Bxc5+
{[%clk 0:23:07]} Rxc5 {[%clk 1:18:26]} 23. Nd6 {[%clk 0:22:20]} b6
{[%clk 1:18:26]} 24. e4 {[%clk 0:22:09]} f6 {[%clk 1:18:32]} 25. f4
{[%clk 0:22:31]} Nb8 {[%clk 1:18:21]} 26. e5 {[%clk 0:15:37]} fxe5
{[%clk 1:18:24]} 27. fxe5 {[%clk 0:16:05]} Nd7 {[%clk 1:18:47]} 28. Rb2
{[%clk 0:15:31]} Rc6 {[%clk 1:18:33]} 29. Re2 {[%clk 0:12:39]} Nxe5
{[%clk 1:18:13]} 30. Nf5+ {[%clk 0:12:03]} Kf6 {[%clk 1:13:21]} 31. Nxg7
{[%clk 0:12:05]} Nxc4 {[%clk 1:13:40]} 32. Nh5+ {[%clk 0:11:54]} Ke7
{[%clk 1:13:37]} 33. g4 {[%clk 0:11:13]} b5 {[%clk 1:13:12]} 34. Ng3
{[%clk 0:11:18]} b4 {[%clk 1:12:54]} 35. Nf5+ {[%clk 0:08:43]} Kf6
{[%clk 1:11:44]} 36. Nd4 {[%clk 0:09:10]} Rd6 {[%clk 1:12:08]} 37. Nb3
{[%clk 0:09:14]} e5 {[%clk 1:10:43]} 38. h4 {[%clk 0:09:14]} Rd5 {[%clk 1:10:34]}
39. Kg3 {[%clk 0:07:30]} a4 {[%clk 1:10:11]} 40. Nc1 {[%clk 0:07:56]} Rd1
{[%clk 1:08:16]} 41. Rc2 {[%clk 0:07:47]} Rg1+ {[%clk 1:07:48]} 42. Kh3
{[%clk 0:06:44]} Rxg4 {[%clk 1:08:09]} 43. Rf2+ {[%clk 0:06:43]} Rf4
{[%clk 1:08:31]} 44. Rxf4+ {[%clk 0:06:59]} exf4 {[%clk 1:08:57]} 45. Kg4
{[%clk 0:07:08]} Ke5 {[%clk 1:08:53]} 0-1

[Event "1SM"]
[Site "Sharjah Chess Club"]
[Date "2017.03.27"]
[Round "5.24"]
[White "Harika, Dronavalli"]
[Black "Al Khateeb, Taher"]
[Result "1-0"]
[BlackElo "2005"]
[WhiteElo "2539"]
[LiveChessVersion "1.4.8"]

1. c4 {[%clk 1:39:54]} e5 {[%clk 1:40:32]} 2. Nc3 {[%clk 1:40:03]} f5
{[%clk 1:39:01]} 3. g3 {[%clk 1:38:19]} Nf6 {[%clk 1:38:59]} 4. Bg2
{[%clk 1:38:22]} Nc6 {[%clk 1:37:45]} 5. d3 {[%clk 1:37:32]} Bb4 {[%clk 1:37:54]}
6. Bd2 {[%clk 1:35:15]} Bxc3 {[%clk 1:36:40]} 7. Bxc3 {[%clk 1:35:15]} d6
{[%clk 1:37:05]} 8. b4 {[%clk 1:28:31]} O-O {[%clk 1:34:52]} 9. b5
{[%clk 1:25:51]} Ne7 {[%clk 1:15:04]} 10. Nf3 {[%clk 1:18:17]} Qe8
{[%clk 1:02:20]} 11. Qd2 {[%clk 0:58:51]} a6 {[%clk 0:58:28]} 12. a4
{[%clk 0:56:08]} axb5 {[%clk 0:55:52]} 13. axb5 {[%clk 0:51:48]} Rxa1+
{[%clk 0:55:57]} 14. Bxa1 {[%clk 0:52:14]} h6 {[%clk 0:33:37]} 15. h3
{[%clk 0:46:48]} Ng6 {[%clk 0:28:08]} 16. O-O {[%clk 0:45:17]} Nh7
{[%clk 0:23:23]} 17. e3 {[%clk 0:43:49]} Ng5 {[%clk 0:19:18]} 18. Nxg5
{[%clk 0:40:00]} hxg5 {[%clk 0:19:45]} 19. f4 {[%clk 0:40:20]} gxf4
{[%clk 0:18:08]} 20. exf4 {[%clk 0:39:57]} exf4 {[%clk 0:16:34]} 21. gxf4
{[%clk 0:26:03]} Nh4 {[%clk 0:14:01]} 22. Bd5+ {[%clk 0:25:56]} Kh7
{[%clk 0:13:32]} 23. Qf2 {[%clk 0:20:14]} Qh5 {[%clk 0:12:23]} 24. Qg3
{[%clk 0:18:46]} Qg6 {[%clk 0:12:41]} 25. Kh2 {[%clk 0:18:15]} Qxg3+
{[%clk 0:12:35]} 26. Kxg3 {[%clk 0:18:41]} Ng6 {[%clk 0:13:01]} 27. Re1
{[%clk 0:18:54]} b6 {[%clk 0:04:29]} 28. h4 {[%clk 0:19:09]} Kh6 {[%clk 0:01:55]}
29. h5 {[%clk 0:19:05]} Nh8 {[%clk 0:01:19]} 30. Re7 {[%clk 0:19:08]} Kxh5
{[%clk 0:00:40]} 31. Bxg7 {[%clk 0:19:21]} Rd8 {[%clk 0:00:49]} 32. Rxc7
{[%clk 0:19:38]} Kg6 {[%clk 0:00:38]} 33. Bd4 {[%clk 0:19:46]} Bd7
{[%clk 0:00:38]} 34. Bxh8 {[%clk 0:20:00]} 1-0

[Event "1SM"]
[Site "Sharjah Chess Club"]
[Date "2017.03.27"]
[Round "5.25"]
[White "Al Yaghshi, M. Hisham"]
[Black "Vishnu, Prasanna. V"]
[Result "0-1"]
[BlackElo "2534"]
[WhiteElo "2056"]
[LiveChessVersion "1.4.8"]

1. d4 {[%clk 1:40:57]} d5 {[%clk 1:40:50]} 2. c4 {[%clk 1:41:21]} e6
{[%clk 1:41:15]} 3. Nc3 {[%clk 1:41:44]} c6 {[%clk 1:41:37]} 4. Nf3
{[%clk 1:41:49]} Nf6 {[%clk 1:41:58]} 5. Bg5 {[%clk 1:42:10]} Nbd7
{[%clk 1:42:18]} 6. e3 {[%clk 1:42:15]} h6 {[%clk 1:42:41]} 7. Bf4
{[%clk 1:40:58]} g5 {[%clk 1:42:55]} 8. Bg3 {[%clk 1:40:24]} Nh5 {[%clk 1:43:16]}
9. Be5 {[%clk 1:25:49]} Ng7 {[%clk 1:43:09]} 10. h3 {[%clk 1:20:08]} Nxe5
{[%clk 1:43:19]} 11. dxe5 {[%clk 1:19:50]} f5 {[%clk 1:39:36]} 12. g4
{[%clk 0:59:51]} Bb4 {[%clk 1:36:42]} 13. Qb3 {[%clk 0:57:50]} Qa5
{[%clk 1:35:39]} 14. Kd2 {[%clk 0:47:55]} O-O {[%clk 1:34:24]} 15. Be2
{[%clk 0:46:54]} dxc4 {[%clk 1:33:21]} 16. Qxc4 {[%clk 0:46:59]} b5
{[%clk 1:32:35]} 17. Qb3 {[%clk 0:47:11]} Bb7 {[%clk 1:29:50]} 18. a3
{[%clk 0:37:34]} Rad8+ {[%clk 1:29:11]} 19. Ke1 {[%clk 0:25:24]} c5
{[%clk 1:25:24]} 20. Rh2 {[%clk 0:25:00]} Bd5 {[%clk 1:21:41]} 21. Qc2
{[%clk 0:25:06]} Be4 {[%clk 1:18:25]} 22. Qc1 {[%clk 0:24:40]} Bxc3+
{[%clk 1:18:47]} 23. bxc3 {[%clk 0:25:00]} Bxf3 {[%clk 1:18:58]} 24. Bxf3
{[%clk 0:25:15]} Rd3 {[%clk 1:19:13]} 25. Kf1 {[%clk 0:18:46]} Rxc3
{[%clk 1:18:13]} 26. Qe1 {[%clk 0:18:24]} f4 {[%clk 1:15:58]} 27. h4
{[%clk 0:16:47]} fxe3 {[%clk 1:16:13]} 28. hxg5 {[%clk 0:11:03]} Rxf3
{[%clk 1:15:25]} 29. gxh6 {[%clk 0:11:28]} Qc7 {[%clk 1:14:26]} 30. Rd1
{[%clk 0:06:09]} Ne8 {[%clk 1:13:01]} 31. h7+ {[%clk 0:01:36]} Kh8
{[%clk 1:13:19]} 32. Rd6 {[%clk 0:00:52]} e2+ {[%clk 1:11:39]} 33. Qxe2
{[%clk 0:00:39]} Nxd6 {[%clk 1:12:01]} 34. Qd2 {[%clk 0:00:39]} Ne8
{[%clk 1:10:47]} 35. Qh6 {[%clk 0:00:41]} Qxe5 {[%clk 1:09:59]} 36. Rh5
{[%clk 0:00:37]} Rxf2+ {[%clk 1:09:43]} 37. Kxf2 {[%clk 0:00:58]} Qf6+
{[%clk 1:09:36]} 38. Kg1 {[%clk 0:00:31]} Rg3+ {[%clk 1:10:00]} 0-1

[Event "1SM"]
[Site "Sharjah Chess Club"]
[Date "2017.03.27"]
[Round "5.26"]
[White "Roy, Prantik"]
[Black "Bok, Benjamin"]
[Result "0-1"]
[BlackElo "2596"]
[WhiteElo "2372"]
[LiveChessVersion "1.4.8"]

1. d4 {[%clk 1:40:56]} Nf6 {[%clk 1:40:52]} 2. c4 {[%clk 1:41:16]} e6
{[%clk 1:41:05]} 3. g3 {[%clk 1:41:33]} c5 {[%clk 1:40:26]} 4. Nf3
{[%clk 1:40:34]} cxd4 {[%clk 1:39:35]} 5. Nxd4 {[%clk 1:39:04]} d5
{[%clk 1:37:00]} 6. Nf3 {[%clk 1:36:07]} Nc6 {[%clk 1:20:59]} 7. cxd5
{[%clk 1:35:57]} Nxd5 {[%clk 1:18:07]} 8. Bg2 {[%clk 1:33:25]} Be7
{[%clk 1:11:23]} 9. O-O {[%clk 1:31:17]} O-O {[%clk 1:11:50]} 10. e4
{[%clk 1:24:43]} Ndb4 {[%clk 1:07:53]} 11. Nc3 {[%clk 1:23:32]} e5
{[%clk 0:52:25]} 12. a3 {[%clk 1:15:05]} Qxd1 {[%clk 0:50:54]} 13. Rxd1
{[%clk 1:15:22]} Nc2 {[%clk 0:51:15]} 14. Rb1 {[%clk 1:15:27]} Bg4
{[%clk 0:39:22]} 15. h3 {[%clk 1:01:44]} Bh5 {[%clk 0:30:09]} 16. Nd5
{[%clk 0:58:49]} Bd8 {[%clk 0:28:53]} 17. Rd2 {[%clk 0:56:31]} N2d4
{[%clk 0:27:31]} 18. Nxd4 {[%clk 0:55:27]} Nxd4 {[%clk 0:27:56]} 19. g4
{[%clk 0:50:53]} Bg6 {[%clk 0:28:24]} 20. b4 {[%clk 0:48:48]} Ne6
{[%clk 0:24:44]} 21. Bb2 {[%clk 0:47:01]} Bg5 {[%clk 0:24:12]} 22. Rdd1
{[%clk 0:44:38]} f6 {[%clk 0:23:33]} 23. Bc1 {[%clk 0:41:02]} Rfd8
{[%clk 0:18:12]} 24. Bxg5 {[%clk 0:33:25]} Nxg5 {[%clk 0:07:16]} 25. h4
{[%clk 0:26:18]} Ne6 {[%clk 0:07:43]} 26. h5 {[%clk 0:19:57]} Bf7
{[%clk 0:08:07]} 27. h6 {[%clk 0:20:18]} Nd4 {[%clk 0:06:58]} 28. hxg7
{[%clk 0:19:28]} Kxg7 {[%clk 0:04:08]} 29. Kf1 {[%clk 0:18:13]} Be6
{[%clk 0:03:06]} 30. Rd3 {[%clk 0:15:12]} Rac8 {[%clk 0:03:04]} 31. Rbd1
{[%clk 0:14:24]} Kf7 {[%clk 0:03:02]} 32. f4 {[%clk 0:10:14]} Bxg4
{[%clk 0:02:36]} 33. R1d2 {[%clk 0:10:39]} h5 {[%clk 0:01:49]} 34. Kf2
{[%clk 0:09:19]} Rc1 {[%clk 0:01:15]} 35. Ne3 {[%clk 0:07:19]} Rdc8
{[%clk 0:01:01]} 36. Nxg4 {[%clk 0:04:01]} hxg4 {[%clk 0:01:26]} 37. Kg3
{[%clk 0:04:21]} Rg8 {[%clk 0:00:37]} 38. fxe5 {[%clk 0:04:10]} fxe5
{[%clk 0:01:06]} 39. Rd1 {[%clk 0:04:08]} Rxd1 {[%clk 0:00:49]} 40. Rxd1
{[%clk 0:04:37]} Kf6 {[%clk 0:00:44]} 41. Bf1 {[%clk 0:04:42]} Kg5
{[%clk 0:00:47]} 42. Rc1 {[%clk 0:04:27]} Rf8 {[%clk 0:01:12]} 43. Kg2
{[%clk 0:04:51]} Rf3 {[%clk 0:00:35]} 44. Rc7 {[%clk 0:04:21]} Rxa3
{[%clk 0:00:50]} 45. Rxb7 {[%clk 0:04:42]} Kf4 {[%clk 0:01:04]} 46. Bc4
{[%clk 0:04:36]} Kxe4 {[%clk 0:00:44]} 47. Rg7 {[%clk 0:04:57]} Kf4
{[%clk 0:00:35]} 48. Rf7+ {[%clk 0:05:19]} Kg5 {[%clk 0:00:36]} 49. Rg7+
{[%clk 0:05:37]} Kf5 {[%clk 0:00:45]} 50. Rf7+ {[%clk 0:05:56]} Kg6
{[%clk 0:00:40]} 51. Re7 {[%clk 0:06:04]} Kf6 {[%clk 0:00:53]} 52. Rf7+
{[%clk 0:06:29]} Kg5 {[%clk 0:01:15]} 53. Rg7+ {[%clk 0:06:47]} Kf4
{[%clk 0:01:09]} 54. Rf7+ {[%clk 0:06:50]} Ke4 {[%clk 0:01:03]} 55. Rg7
{[%clk 0:07:01]} Rc3 {[%clk 0:01:11]} 56. Bf1 {[%clk 0:07:02]} Rc2+
{[%clk 0:01:14]} 57. Kh1 {[%clk 0:07:25]} Kf3 {[%clk 0:00:38]} 58. Rxa7
{[%clk 0:07:29]} Rc1 {[%clk 0:00:40]} 59. Rf7+ {[%clk 0:07:52]} Kg3
{[%clk 0:00:58]} 0-1

[Event "1SM"]
[Site "Sharjah Chess Club"]
[Date "2017.03.27"]
[Round "5.27"]
[White "Saurabh, Anand"]
[Black "Lalith, Babu M R"]
[Result "1/2-1/2"]
[BlackElo "2593"]
[WhiteElo "2284"]
[LiveChessVersion "1.4.8"]

1. e4 {[%clk 1:40:57]} g6 {[%clk 1:40:56]} 2. d4 {[%clk 1:41:21]} Bg7
{[%clk 1:41:21]} 3. Nf3 {[%clk 1:41:40]} c6 {[%clk 1:41:45]} 4. h3
{[%clk 1:42:04]} d6 {[%clk 1:42:10]} 5. Bc4 {[%clk 1:42:25]} Nf6 {[%clk 1:42:00]}
6. e5 {[%clk 1:42:32]} dxe5 {[%clk 1:41:25]} 7. Nxe5 {[%clk 1:42:46]} O-O
{[%clk 1:41:32]} 8. O-O {[%clk 1:43:02]} Nbd7 {[%clk 1:41:47]} 9. Nc3
{[%clk 1:36:24]} e6 {[%clk 1:21:38]} 10. Bf4 {[%clk 1:19:13]} Nd5
{[%clk 1:21:25]} 11. Nxd5 {[%clk 1:17:43]} exd5 {[%clk 1:21:32]} 12. Nxd7
{[%clk 1:17:13]} Bxd7 {[%clk 1:21:43]} 13. Bb3 {[%clk 1:17:39]} Re8
{[%clk 1:20:00]} 14. Qd2 {[%clk 1:17:06]} a5 {[%clk 1:15:31]} 15. c3
{[%clk 1:16:01]} a4 {[%clk 1:08:42]} 16. Bc2 {[%clk 1:15:56]} c5 {[%clk 1:07:41]}
17. dxc5 {[%clk 1:10:44]} a3 {[%clk 1:07:02]} 18. bxa3 {[%clk 1:03:53]} Qa5
{[%clk 1:03:13]} 19. Qxd5 {[%clk 1:01:06]} Bc6 {[%clk 1:02:50]} 20. Qg5
{[%clk 0:53:00]} Bxc3 {[%clk 0:48:03]} 21. Rab1 {[%clk 0:45:48]} Bd4
{[%clk 0:47:26]} 22. Bd6 {[%clk 0:45:25]} Rad8 {[%clk 0:44:49]} 23. Qf4
{[%clk 0:40:37]} 1/2-1/2